000 00510nam a2200145 i 4500
001 51936
003 ES-MaACL
007 t|
008 030821s1882 fr ||||1| fre d
100 1 _aDaubrée, Auguste.
_942793
245 1 0 _aÉtudes expérimentales sur l'origine des cassures terrestres et sur leur coordination réciproque au point de vue des accidents du relief du sol /
_cA. Daubrée.
260 _aParis :
_b[s.n.],
_c1882 (
_fGeorges Chamerot)
300 _a44 p. ;
_c22 cm.
852 _aES-MaACL
_jB-7981
999 _c51936
_d51936